Star Fox 64 Levels Quiz - Statistics

General Stats
  • This quiz has been taken 16 times
  • The average score is 14 of 16
Answer Stats
Answer % Correct
Corneria
100%
Venom
100%
Meteo
91%
Sector X
91%
Sector Y
91%
Sector Z
91%
Solar
91%
Titania
91%
Bolse
82%
Fichina/Fortuna
82%
Katina
82%
Aquas
73%
Area 6
73%
Macbeth
73%
Venom II
73%
Zoness
73%
No matching quizzes found
Score Distribution
Percent of People with Each Score
Percentile by Number Answered
Your Score History
You have not taken this quiz